000 01207nam a22003257a 4500
003 EG-GICUC
005 20260121101211.0
008 251111s1994 ua ||||fr|||| 00| 0 ara d
017 _a1994/11594
020 _a9770412902
040 _a EG-GICUC
_bara
_c EG-GICUC
_d EG-GICUC
_erda
041 _aara
082 0 4 _221
_a343.3192
_bع ب . ح
092 0 4 _221
099 _aLaw1 10 343.3192 1994
100 0 _aعبدالعزيز محمد محسن
_eمؤلف.
245 _aحماية حقوق الإنسان فى مرحلة تنفيذ الأحكام الجنائية :
_bدراسة مقارنه /
_nعبدالعزيز محمد محسن
264 _aالقاهرة :
_bدار النهضة العربية ,
_c1994.
300 _a203 صفحة;
_c24 سم
336 _2rda content
_atext
337 _2rda media
_aComputer
338 _2rda carrier
_aOnline Resource
504 _aيتضمن قائمة مراجع
546 _aالنص باللغة العربية
650 1 _aقانون جنائي
650 1 _aحقوق الإنسان في الإجراءات الجنائية
856 4 0 _uhttps://fll.law.cu.edu.eg/fulltext/bks/B10-05500.pdf
905 _a44
942 _2ddc
_cBK
_e21
_n0
999 _c42673
_d42673